MARC

LEADER 00000nam0a2200000 4500
001 154957
005 20231101221813.0
035 |a (RuTPU)RU\TPU\book\168070 
090 |a 154957 
100 |a 20090306d1984 m y0rusy50 ca 
101 0 |a rus 
102 |a RU 
105 |a acf z 001zd 
200 1 |a Российская академия  |f С. М. Некрасов 
210 |a Москва  |c Современник  |d 1984 
215 |a 254 с.  |c ил. 
320 |a Приложения: с. 213-251. 
600 1 |a Дашкова  |b Е. Р.  |f 1744-1810  |g Екатерина Романовна  |c русская княгиня  |c деятель русской культуры  |2 stltpush  |3 (RuTPU)RU\TPU\pers\6027 
600 1 |a Лепехин  |b И. И.  |c русский путешественник и натуралист  |c академик Петербургской АН (1768)  |f 1740-1802  |g Иван Иванович  |2 stltpush  |3 (RuTPU)RU\TPU\pers\15023  |9 5125 
600 1 |a Фонвизин  |g Денис Иванович  |b Д. И.  |c русский писатель  |f 1744/1745-1792  |2 stltpush  |3 (RuTPU)RU\TPU\pers\1650 
600 1 |a Болтин  |b И. Н.  |c российский историк  |c государственный деятель  |f 1735-1792  |g Иван Никитич  |2 stltpush  |3 (RuTPU)RU\TPU\pers\12670  |9 3610 
600 1 |a Львов  |b Н. А.  |c российский архитектор  |c художник  |f 1751-1803/1804  |g Николай Александрович  |c поэт  |c музыкант  |2 stltpush  |3 (RuTPU)RU\TPU\pers\11028 
600 1 |a Державин  |g Гаврила Романович  |c русский поэт  |f 1743-1816  |b Г. Р.  |c представитель русского класссицизма  |2 stltpush  |3 (RuTPU)RU\TPU\pers\1475 
610 1 |a наука 
610 1 |a история науки 
610 1 |a Россия 
610 1 |a 18 век 
610 1 |a Российская академия наук 
675 |a 001  |v 3 
686 |a Ч214(2)71  |v LBC/SL-A  |2 rubbk 
700 1 |a Некрасов  |b С. М.  |g Сергей Михайлович 
801 1 |a RU  |b 63413507  |c 20090306  |g PSBO 
801 2 |a RU  |b 63413507  |c 20101012  |g RCR 
942 |c BK